|
|
|
|
| LEADER |
01293naa a2200301 i 4500 |
| 001 |
acta71656 |
| 005 |
20230223141036.0 |
| 008 |
210120s2021 hu o 1|| eng d |
| 024 |
7 |
|
|a 10.14232/syrptbrs.2021.op53
|2 doi
|
| 040 |
|
|
|a SZTE Egyetemi Kiadványok Repozitórium
|b hun
|
| 041 |
|
|
|a eng
|
| 100 |
1 |
|
|a Ranjous Yasmin
|
| 245 |
1 |
0 |
|a Optimization of the functionalization method of titanate nanotubes in order to use them as drug delivery systems
|h [elektronikus dokumentum] /
|c Ranjous Yasmin
|
| 260 |
|
|
|c 2021
|
| 300 |
|
|
|a 65
|
| 490 |
0 |
|
|a Symposium of Young Researchers on Pharmaceutical Technology, Biotechnology and Regulatory Science
|v 3
|
| 650 |
|
4 |
|a Orvos- és egészségtudomány
|
| 650 |
|
4 |
|a Általános orvostudomány
|
| 695 |
|
|
|a Gyógyszertechnológia - előadáskivonat, Biotechnológia - előadáskivonat
|
| 700 |
0 |
1 |
|a Kósa Dóra
|e aut
|
| 700 |
0 |
1 |
|a Ujhelyi Zoltán
|e aut
|
| 700 |
0 |
1 |
|a Regdon Géza
|e aut
|
| 700 |
0 |
1 |
|a Nagy Krisztina Anita
|e aut
|
| 700 |
0 |
1 |
|a Kónya Zoltán
|e aut
|
| 700 |
0 |
1 |
|a Bácskay Ildikó
|e aut
|
| 700 |
0 |
1 |
|a Sovány Tamás
|e aut
|
| 711 |
|
|
|a Symposium of Young Researchers on Pharmaceutical Technology, Biotechnology and Regulatory Science (3.)
|c Szeged
|d 2021
|
| 856 |
4 |
0 |
|u http://acta.bibl.u-szeged.hu/71656/1/syrptbrs_2021_065.pdf
|z Dokumentum-elérés
|